Los recursos administrativos en la Universidad de Costa Rica /

में बचाया:
ग्रंथसूची विवरण
मुख्य लेखक: Vega Robert, Rolando
अन्य लेखक: Marín Arguedas, María del Rocío, Arrieta Piedra. Adonay, Chinchilla Mora, Francis, Enamorado Salazar, Kattia, Gutiérrez Monge, Adriana, Sibaja Miranda, Jorge, Villalobos Molina, Lubín, Durán Monge, Johanna, López Rojas, Carla
स्वरूप: मूलपाठ
प्रकाशित: San José: Oficina Jurídica
संस्करण:2
विषय:
टैग: टैग जोड़ें
कोई टैग नहीं, इस रिकॉर्ड को टैग करने वाले पहले व्यक्ति बनें!

MARC

LEADER 00000 a a2200000 04500
001 37692
003
040
090 |a 0005 U58r  
100 |a Vega Robert, Rolando  
245 |a Los recursos administrativos en la Universidad de Costa Rica /  |c Rolando Vega Robert 
250 |a 2  
260 |a San José:   |b Oficina Jurídica  
300 |a 26 p.  
650 |a UNIVERSIDAD DE COSTA RICA  
650 |a ADMINISTRACION DE LA ENSEÑANZA  
650 |a COSTA RICA  
700 |a Marín Arguedas, María del Rocío  
700 |a Arrieta Piedra. Adonay  
700 |a Chinchilla Mora, Francis  
700 |a Enamorado Salazar, Kattia  
700 |a Gutiérrez Monge, Adriana  
700 |a Sibaja Miranda, Jorge  
700 |a Villalobos Molina, Lubín  
700 |a Durán Monge, Johanna  
700 |a López Rojas, Carla  
999 |c 5046  |d 5046